Women in India: exploring work, life, and freedom (Record no. 1679560)

MARC details
000 -LEADER
fixed length control field 00808 a2200265 4500
005 - DATE AND TIME OF LATEST TRANSACTION
control field 20260409112310.0
008 - FIXED-LENGTH DATA ELEMENTS--GENERAL INFORMATION
fixed length control field 260409b |||||||| |||| 00| 0 eng d
020 ## - INTERNATIONAL STANDARD BOOK NUMBER
International Standard Book Number 978-1-041-28244-0 (hbk)
037 ## - SOURCE OF ACQUISITION
Terms of availability TB
040 ## - CATALOGING SOURCE
Original cataloging agency CRL
Transcribing agency CRL
041 ## - LANGUAGE CODE
Source of code eng
Language code of text/sound track or separate title eng
084 ## - COLON CLASSIFICATION NUMBER
Classification number Y15.2 R6
Assigning agency CRL
245 ## - TITLE STATEMENT
Title Women in India: exploring work, life, and freedom
260 ## - PUBLICATION, DISTRIBUTION, ETC.
Place of publication, distribution, etc. London:
Name of publisher, distributor, etc. Routledge,
Date of publication, distribution, etc. 2026.
300 ## - PHYSICAL DESCRIPTION
Extent 231p.
365 ## - TRADE PRICE
Price amount 1295.00
Currency code INR
650 ## - SUBJECT ADDED ENTRY--TOPICAL TERM
Topical term or geographic name entry element Sociology
650 ## - SUBJECT ADDED ENTRY--TOPICAL TERM
Topical term or geographic name entry element Women
700 ## - ADDED ENTRY--PERSONAL NAME
Personal name Pradhan, Jalandhar
Relator term Ed.
9 (RLIN) 1234447
700 ## - ADDED ENTRY--PERSONAL NAME
Personal name Roy, Ipsita
Relator term Ed.
9 (RLIN) 1234448
700 ## - ADDED ENTRY--PERSONAL NAME
Personal name Dutta, Debanjali
Relator term Ed.
9 (RLIN) 1234449
700 ## - ADDED ENTRY--PERSONAL NAME
Personal name Mohanty, Seemita
Relator term Ed.
9 (RLIN) 1115625
942 ## - ADDED ENTRY ELEMENTS (KOHA)
Koha item type Textbook
Source of classification or shelving scheme Colon Classification (CC)
Classification part Y15.2 R6
Holdings
Withdrawn status Lost status Source of classification or shelving scheme Damaged status Not for loan Home library Current library Date acquired Source of acquisition Cost, normal purchase price Inventory number Total Checkouts Full call number Barcode Date last seen Cost, replacement price Price effective from Koha item type
    Colon Classification (CC)     Central Library Central Library 2026-04-09 Excel Book Linker 1036.00 176/17/02/2026   Y15.2 R6 CL1926268 2026-02-17 1295.00 2026-02-17 Textbook
Copyright @ Delhi University Library System